[Event "DSOL 08 Liga Gr-C 1st"]
[Site "Playchess.com INT"]
[Date "2020.08.13"]
[Round "2.1"]
[White "Kappert, Joshua"]
[Black "Vassiljev, Nikita"]
[Result "1-0"]
[WhiteElo "1000"]
[BlackElo "1155"]
[PlyCount "79"]
[EventDate "2020.06.22"]
[EventType "team-tourn (rapid)"]
[EventCountry "GER"]
[SourceTitle "EXT 2021"]
[Source "ChessBase"]
[SourceDate "2020.10.23"]
[SourceVersion "1"]
[SourceVersionDate "2020.10.23"]
[SourceQuality "1"]
[WhiteTeam "Werder Bremen IV"]
[BlackTeam "Bad Essen II"]
[WhiteTeamCountry "GER"]
[BlackTeamCountry "GER"]

1. e4 c6 2. d4 d5 3. Nc3 dxe4 4. Nxe4 Bf5 5. Ng3 Bg6 6. Nf3 e6 7. Ne5 Ne7 8. Bc4 Nd7 9. Nxg6 Nxg6 10. 0-0 Bd6 11. c3 0-0 12. Qc2 c5 13. Be3 a6 14. Rad1 Qc7 15. Be2 cxd4 16. Rxd4 Rfd8 17. Rfd1 Bc5 18. Rxd7 Rxd7 19. Rxd7 Qxd7 20. Bxc5 Qd5 21. b4 b5 22. Bf3 Qd8 23. Bxa8 Qxa8 24. c4 Ne5 25. cxb5 axb5 26. Qe2 Nc4 27. f3 g6 28. Ne4 Qa6 29. Nc3 Na3 30. Qf2 f5 31. h3 Kf7 32. Qh4 Kg8 33. Qe7 Qc8 34. Bd4 Qf8 35. Qxe6+ Qf7 36. Qe5 Qf8 37. Nd5 Nc2 38. Qh8+ Kf7 39. Qxh7+ Ke6 40. Nf4+ 1-0